《达拉崩吧》歌词 - Statistics

General Stats
  • This quiz has been taken 8 times
  • The average score is 36 of 79
Answer Stats
歌词 % Correct
达拉崩吧
88%
很久很久以前
63%
巨龙突然出现
63%
带走了公主又消失不见
63%
达拉崩吧斑得贝迪卜多比鲁翁
63%
达拉崩吧斑得贝迪卜多比鲁翁
63%
达拉崩吧斑得贝迪卜多比鲁翁
63%
达拉崩吧斑得贝迪卜多比鲁翁
63%
昆图库塔卡提考特苏瓦西拉松
63%
昆图库塔卡提考特苏瓦西拉松
63%
昆图库塔卡提考特苏瓦西拉松
63%
达拉崩吧斑得贝迪卜多比鲁翁
63%
昆图库塔卡提考特苏瓦西拉松
63%
昆图库塔卡提考特苏瓦西拉松
63%
达拉崩吧斑得贝迪卜多比鲁翁
63%
达拉崩吧斑得贝迪卜多比鲁翁
63%
昆图库塔卡提考特苏瓦西拉松
63%
达拉崩吧斑得贝迪卜多比鲁翁
63%
昆图库塔卡提考特苏瓦西拉松
63%
达拉崩吧斑得贝迪卜多比鲁翁
63%
公主米娅
63%
带来灾难
50%
翻过最高的山
50%
国王非常高兴
50%
忙问他的姓名
50%
年轻人想了想
50%
他说
50%
再说一次
50%
是不是
50%
对对
50%
英雄达拉崩吧
50%
骑上最快的马
50%
获得十二金币
50%
他慢慢升级
50%
偏远美丽村庄
50%
打开所有宝箱
50%
公主和可怕巨龙
50%
我是
50%
是不是
50%
不对是
50%
救出了
50%
公主米娅莫拉苏娜丹妮谢莉红
50%
公主米娅莫拉苏娜丹妮谢莉红
50%
幸福地像个童话
50%
他们生下一个孩子
50%
我不想说一遍
50%
王国十分危险
38%
世间谁最勇敢
38%
一位勇者赶来
38%
大声喊
38%
我要带上最好的剑
38%
闯进最深的森林
38%
把公主带回到面前
38%
陛下我叫
38%
闯入一座山洞
38%
英雄拔出宝剑
38%
巨龙说
38%
再来一次
38%
昆特牌提琴烤蛋挞苏打马拉松
38%
于是
38%
然后
38%
最后
38%
回到了
38%
他打败了
38%
为了避免以后麻烦
38%
带着大家的希望从城堡里出发
25%
战胜怪兽来袭
25%
无数伤痕见证
25%
砍向
25%
咬了
25%
他战胜了
25%
蒙达鲁克硫斯伯古比奇巴勒城
25%
也在天天渐渐长大
25%
孩子称作王浩然
25%
他的全名十分难念
25%
一路风霜伴随指引前路的圣月光
13%
国王听说
13%
就把
13%
嫁给
13%
No matching quizzes found
Score Distribution
Percent of People with Each Score
Percentile by Number Answered
Your Score History
You have not taken this quiz